Statistics for Name the Country by its President Part 1

Click here to take the quiz!

General Stats

  • This quiz has been taken 15 times
  • The average score is 10 of 16

Answer Stats

Answer% Correct
France
100%
North Korea
100%
Russia
100%
United States of America
100%
Canada
93%
China
93%
Ukraine
93%
United Kingdom
93%
Netherlands
47%
Thailand
47%
Kazakhstan
40%
Ethiopia
33%
Ghana
33%
Mexico
33%
Senegal
27%
Cabo Verde
0%

Score Distribution

Percentile by Number Answered

Percent of People with Each Score

Your Score History

You have not taken this quiz